000 00573nam a2200205Ia 4500
003 IN-BaIIA
008 211028s9999 xx 000 0 eng d
020 _a3-540-58933-3
040 _cIIA Library
080 _a524.8
_bCOM
100 _aCombes, F
_920164
245 0 _aGalaxies and cosmology
_cF. Combes..[et.al]
260 _aBerlin
_bSpringer-Verlag
_c1995
300 _axvi, 407p.
650 _aCosmology
650 _aGalaxies
_91286
700 _aBoisse, P
_920165
700 _aMazure, A.
_920166
942 _cBK
999 _c11664
_d11664